Find the 'A' Countries Quiz Stats

Quiz Updated Mar 14, 2017

Challenge
Share
Tweet
Score 0/11 Timer 04:00
35 Plays Today
% Correct
Australia
88%
Argentina
83.9%
Algeria
71.5%
Austria
70.3%
Andorra
67%
Angola
65.9%
Azerbaijan
64.6%
Afghanistan
64.2%
Albania
63.8%
Armenia
57.6%
Antigua and Barbuda
38.6%

You're not logged in!

Compare scores with friends on all Sporcle quizzes.
Join for Free
OR
Log In

You Might Also Like...

Show Comments

Extras

Top Quizzes Today


Score Distribution

Your Account Isn't Verified!

In order to create a playlist on Sporcle, you need to verify the email address you used during registration. Go to your Sporcle Settings to finish the process.

Report this User

Report this user for behavior that violates our Community Guidelines.

Details: